000 00659nam a22002057a 4500
003 URS
005 20220114171648.0
008 170328b xxu||||| |||| 00| 0 eng d
020 _a0072469749
050 _aHG4026
_bR675 2001
100 _aRoss, Stephen A.
_4author
245 _aFundamentals of Corporate finance
_cStephen A. Ross, Randolph W. Westerfield, Bradford D. Jordan
250 _aSixth Edition
260 _aBoston:
_bMcGraw-Hill,
_c2001
300 _axxiv, 776 pages;
_c26 cm.
504 _aIncludes bibliographical references and index.
700 _aWesterfield, Randolph W.
_4author
700 _aJordan, Bradford
_4author
942 _cFR
_2lcc
999 _c14429
_d14429